000 00660nam a2200253 a 4500
001 adlib96000001
003 ViArRB
005 200902210153555.7
008 960221s1955 dcuabcdjdbkoqu001 0deng d
020 _a
022 _a
040 _aAdlib
082 _a930.9(03)
245 _aConcise Encyclopaedia of World History
250 _a
260 _aMaidenhead
_bPurnell
_c1977
300 _a250 .
_c
500 _a
100 _aMunby, Lionel
_e
700 _a
_a
942 _cREF
653 _aEncyclopaedia of World History
952 _w2010-06-16
_p00013512
_r2010-06-16
_40
_00
_bUL
_10
_o930.9(03) MUN
_d2010-06-16
_70
_yREF
_aUL
999 _c21891
_d21890